| 000 | 00887cam a2200253 a 4500 | ||
|---|---|---|---|
| 001 | 000010883 | ||
| 005 | 20200929162318.0 | ||
| 008 | 750807s1968 ve a b 000 0 spa | ||
| 040 |
_aDO-SdBNP _bspa _cLC _dBNPHU |
||
| 082 |
_a581.4 _bR845ó |
||
| 100 | 1 |
_aRoth, Ingrid. _926243 |
|
| 245 | 1 | 0 |
_aOrganografía comparada de las plantas superiores / _cIngrid Roth. |
| 260 |
_aCaracas : _bUniversidad Central de Venezuela ; _bEdiciones de la Biblioteca, _c1968. |
||
| 300 |
_a245 p. : _bil. ; _c22 cm. |
||
| 490 | 1 |
_aEdiciones de la Biblioteca, _v37 |
|
| 490 | 1 |
_aCiencias Biológicas, _v5 |
|
| 504 | _aBibliografía: p. [221]-225. | ||
| 650 | 4 |
_aMorfología botánica _926244 |
|
| 650 | 4 |
_aMorfogenésis de las plantas _926245 |
|
| 830 | 0 |
_aEdiciones de la Biblioteca, _v37 _914122 |
|
| 830 | 0 |
_aCiencias Biológicas, _v5 _926246 |
|
| 910 | _aCatalogación por copia / LC | ||
| 049 | _aBNGR | ||
| 999 |
_c10628 _d10628 |
||